000 02074cam a22004814i 4500
003 PE-LiUPU
005 20250731173012.0
008 150616s r 000 0 d
020 _a8471513285
035 _a(Sirsi) i9788471513281
040 _aPE-LiUPU
_bspa
_cPE-LiUPU
_erda
049 _aPRUA
082 0 4 _a235.2
_bS79
_221
100 1 _aStehle, Emil L.,
_eautor.
245 1 0 _aTestigos de la fe en América Latina.
264 1 _aNavarra, España :
_bVerbo Divino,
_c1982.
300 _a162 páginas :
_bIlus.(fotos) ;
_c26 centímetros
336 _atext
_2rdacontent
337 _aunmediated
_2rdamedia
338 _avolume
_2rdacarrier
505 0 _aCristóbal Colón -- Antonio Montesino -- El hermano Diego -- Bartolome de las Casas -- San Luis Beltrán -- José de Anchieta -- Santo Toribio de Mogrovejo -- Francisco Solano -- Rosa de Lima -- Roque Gónzales de Santa Cruz -- San Martín de Porres -- Santa Mariana de Jesús -- San Pedro Claver -- Los mártires mexicanos en el Japón -- Laura Montoya -- Juan Straubinger.
526 _aSEG42
526 _aSEG41
526 _aSEG40
526 _aSEG39
526 _aP94
526 _aP87
526 _aP86
526 _aP85
526 _aP77
526 _aP76
526 _aP35
650 0 4 _aSANTOS - AMERICA LATINA.
910 _ajck
_bjvq
_cjck
942 _2ddc
_cBOOK
949 _a235.2 S79
_wDEWEY
_c1
_i39538
_lCCODEBUL1
_mBUL
_r0
_sY
_tBOOK
_u2015-6-16
_xTEOLOGIA
_zUNKNOWN
_0COMPRA
_o.STAFF. Colección General
949 _a278 S79
_wDEWEY
_c1
_i26293
_lCCODEBUL1
_mBUL
_r0
_sY
_tBOOK
_u2015-4-23
_xTEOLOGIA
_zUNKNOWN
_0COMPRA
_o.STAFF. Colección General
994 _aC0
_bPEPRU
596 _a1
999 _a278 S79
_wDEWEY
_c23472
_i26293
_f2021-11-11
_g5
_lCCODEBUL1
_mBUL
_r0
_sY
_tBOOK
_u2015-4-23
_xTEOLOGIA
_zUNKNOWN
_0COMPRA
_o.STAFF. Colección General
_d23472
999 _a235.2 S79
_wDEWEY
_c1
_i39538
_f2021-11-10
_g5
_lCCODEBUL1
_mBUL
_r0
_sY
_tBOOK
_u2015-6-16
_xTEOLOGIA
_zUNKNOWN
_0COMPRA
_o.STAFF. Colección General
980 _81
_gALBERTO SANCHEZ Responsable de Automatización